| 000 | 00588nam a22001577a 4500 | ||
|---|---|---|---|
| 082 |
_a297.124 _bTAR _cL-31-II,P-5 |
||
| 100 |
_aalam, Mulana Muhammad Badar _951021 |
||
| 245 |
_aترجمان السنة _bارشادات نبوی صلی اللہ علیہ وسلم کا جامع اور مستند ژخیرہ |
||
| 260 |
_aKarachi: _bSaeed Company., _c1980. |
||
| 300 | _a590p.514p. | ||
| 526 |
_a0 _b0 _c0 _d297_124000000000000_TAR |
||
| 526 |
_a0 _b0 _c0 _d297_124000000000000_TAR |
||
| 526 |
_a0 _b0 _c0 _d297_124000000000000_TAR |
||
| 526 |
_a0 _b0 _c0 _d297_124000000000000_TAR |
||
| 942 |
_2ddc _cBK |
||
| 999 |
_c553757 _d553757 |
||